Εισαγωγή στη Διδακτική της Πληροφορικής
Αποθηκεύτηκε σε:
| Κύριος συγγραφέας: | |
|---|---|
| Μορφή: | Βιβλίο |
| Γλώσσα: | Greek |
| Δημοσίευση: |
Αθήνα :
Κλειδάριθμος,
c2005.
|
| Θέματα: | |
| Ετικέτες: |
Προσθήκη ετικέτας
Δεν υπάρχουν, Καταχωρήστε ετικέτα πρώτοι!
|
MARC
| LEADER | 00000cam a2200000 a 4500 | ||
|---|---|---|---|
| 001 | 1/122521 | ||
| 008 | 210121t2005####gr | ||| |||| ||gre|| | ||
| 020 | |a 9602098384 | ||
| 040 | |a GR-MyUa |b gre |c GR-MyUa |e AACR2 | ||
| 041 | 0 | |a gre | |
| 082 | 7 | |a 371.334 |2 (23) | |
| 100 | 1 | |a Κόμης, Βασίλης Ι., |d 1965- | |
| 245 | 1 | 0 | |a Εισαγωγή στη Διδακτική της Πληροφορικής / |c Βασίλης Ι. Κόμης. |
| 260 | |a Αθήνα : |b Κλειδάριθμος, |c c2005. | ||
| 300 | |a 320 σ. : |b εικ., σχήμ., πίν. ; |c 24 εκ. | ||
| 500 | |a Περιέχει γλωσσάρι. | ||
| 504 | |a Βιβλιογραφία: σ. 295-311. | ||
| 504 | |a Περιλαμβάνει ευρετήριο. | ||
| 650 | 0 | |a Computer science |x Study and teaching (Higher) | |
| 650 | 0 | |a Computer programming |x Study and teaching (Higher) | |
| 650 | 0 | |a Educational technology |z Greece. | |
| 852 | |a INST |b RHODES |c EUDOXUS |e 20210121 |h 371.334 ΚΟΜ |p 005400041832 |q 005400041832 |t EDX |y 0 | ||
| 852 | |a INST |b RHODES |c EUDOXUS |e 20210121 |h 371.334 ΚΟΜ |p 005400041833 |q 005400041833 |t EDX |y 0 | ||
| 920 | |a Εύδοξος |b Παραγγελία |y Ρόδος-ΤΕΠΑΕΣ |z 2021-01 | ||
| 970 | |a Μαρία |b Κωτάκου |z 21-01-2021 | ||